[Event "AUTO-OPEN-4588"]
[Site "http://www.queenalice.com/game.php?id=1855656"]
[Date "2025.4.16"]
[Round "1"]
[White "mestre62"]
[Black "ALDROB"]
[Result "1-0"]
[WhiteElo "1431"]
[BlackElo "1817"]

1. c4 Nf6 2. Nc3 g6 3. Nf3 Bg7 4. e4 d6 5. Be2 O-O 6. d3 c5 7. O-O Bg4 8. Nb5 a6
9. Nc3 Nbd7 10. Bg5 Ne8 11. Nd5 f6 12. Be3 e6 13. Nc3 Rb8 14. Bf4 e5 15. Bd2 b5
16. Nd5 bxc4 17. dxc4 Rxb2 18. Bc3 Rb7 19. Qe1 Nc7 20. Nxc7 Qxc7 21. Ba5 Qc6 22.
Nd2 Be6 23. Qd1 f5 24. exf5 Bxf5 25. Bf3 e4 26. Bxe4 Bxe4 27. Nxe4 Bxa1 28. Ng5
Bd4 29. Ne6 Bxf2+ 30. Kh1 Rf7 31. Nd8 Qxg2+ 32. Kxg2 Rb2 33. Kh1 Rf8 34. Qxd6
Nf6 35. Bc3 Rxa2 36. Bxf6 Bd4 37. Qe6+ 1-0

[Event "AUTO-OPEN-4588"]
[Site "http://www.queenalice.com/game.php?id=1855657"]
[Date "2025.4.16"]
[Round "1"]
[White "ALDROB"]
[Black "mestre62"]
[Result "1-0"]
[WhiteElo "1802"]
[BlackElo "1399"]

1. d4 d5 2. c4 dxc4 3. Nf3 Bg4 4. Ne5 Be6 5. e4 Nc6 6. d5 Bxd5 7. exd5 Nxe5 8.
Nc3 e6 9. Bf4 Nd3+ 10. Bxd3 cxd3 11. Qxd3 Bb4 12. Rc1 exd5 13. O-O Bxc3 14. Qxc3
Nf6 15. Bxc7 Qd7 16. Rfe1+ Ne4 17. Qxg7 Ke7 18. f3 Qa4 19. fxe4 d4 20. Be5 d3
21. Rc7+ Ke6 22. Qf6# 1-0

[Event "AUTO-OPEN-4588"]
[Site "http://www.queenalice.com/game.php?id=1855674"]
[Date "2025.4.16"]
[Round "1"]
[White "ALDROB"]
[Black "Magnaroc"]
[Result "0-1"]
[WhiteElo "1794"]
[BlackElo "2009"]

1. e4 e5 2. Nf3 Nc6 3. Bb5 a6 4. Ba4 Nf6 5. O-O Be7 6. c3 b5 7. Bc2 O-O 8. a4
Bb7 9. b3 Re8 10. d4 exd4 11. Nxd4 Nxd4 12. Qxd4 Bd6 13. f3 h6 14. Re1 Qe7 15.
Nd2 Bc5 0-1

[Event "AUTO-OPEN-4588"]
[Site "http://www.queenalice.com/game.php?id=1855675"]
[Date "2025.4.16"]
[Round "1"]
[White "Magnaroc"]
[Black "ALDROB"]
[Result "0-1"]
[WhiteElo "1688"]
[BlackElo "1787"]

1. e4 e5 2. Nf3 Nc6 3. Nc3 Bc5 4. Be2 Nf6 5. O-O O-O 6. Nxe5 Nxe5 7. d4 d6 8.
dxe5 Nd7 9. exd6 Bxd6 10. f4 b6 11. e5 Bc5+ 12. Kh1 Bb7 13. Bg4 Bc6 14. Bxd7
Qxd7 15. Qxd7 Bxd7 16. Nd5 Rac8 17. Be3 Bxe3 18. Nxe3 c5 19. Rad1 Bb5 20. c4 Bc6
21. Nf5 Be4 22. Nd6 Bc2 23. Rd2 Ba4 24. Nxc8 Rxc8 25. b3 Bc6 0-1

[Event "AUTO-ADV-4874"]
[Site "http://www.queenalice.com/game.php?id=1859571"]
[Date "2025.7.8"]
[Round "1"]
[White "EdsonEstevam"]
[Black "ALDROB"]
[Result "1-0"]
[WhiteElo "1753"]
[BlackElo "1842"]

1. e4 e5 2. Bc4 Nf6 3. d3 Bc5 4. Nc3 Nc6 5. Be3 Bxe3 6. fxe3 d6 7. Nf3 Bg4 8. h3
Bd7 9. Nd5 Nxd5 10. Bxd5 Qe7 11. O-O O-O-O 12. a3 h6 13. b4 g5 14. Nh2 h5 15. b5
Na5 16. Bxf7 g4 17. Qe1 b6 18. a4 gxh3 19. g3 Rdf8 20. Bd5 Qg5 21. Rxf8+ Rxf8
22. Rd1 Bg4 23. Rd2 Nb7 24. Bb3 Nc5 25. Bd5 Nd7 26. a5 Rf3 27. Nxf3 Bxf3 28. Kh2
h4 29. Qg1 Nf6 30. Be6+ Kb8 31. a6 Nh5 32. g4 Ng7 33. Rf2 Qxe3 34. Bd7 Bg2 35.
Rf8+ 1-0

[Event "AUTO-ADV-4874"]
[Site "http://www.queenalice.com/game.php?id=1859572"]
[Date "2025.7.8"]
[Round "1"]
[White "ALDROB"]
[Black "EdsonEstevam"]
[Result "1-0"]
[WhiteElo "1820"]
[BlackElo "1775"]

1. d4 d5 2. c4 Nf6 3. Nc3 dxc4 4. Nf3 e6 5. Bg5 h6 6. Bh4 Be7 7. e3 Nc6 8. Bxc4
O-O 9. a3 a6 10. Qc2 Ng4 11. Bxe7 Qxe7 12. Rd1 b5 13. Ba2 Bb7 14. Bb1 f5 15. e4
g6 16. e5 b4 17. Na4 a5 18. Nc5 Rfd8 19. Nxb7 Rdb8 20. h3 Nxf2 21. Kxf2 Rxb7 22.
h4 Rb6 23. g4 fxg4 24. Qxg6+ Kh8 25. Qxh6+ Kg8 26. Ng5 bxa3 27. Bh7+ Kh8 28.
Bf5+ Kg8 29. Bxe6+ 1-0

[Event "AUTO-ADV-4874"]
[Site "http://www.queenalice.com/game.php?id=1859583"]
[Date "2025.7.8"]
[Round "1"]
[White "maurice916"]
[Black "ALDROB"]
[Result "0-1"]
[WhiteElo "1916"]
[BlackElo "1825"]

1. Nf3 d5 2. b4 e6 3. Bb2 Nf6 4. a3 Bd6 5. d4 O-O 6. e3 Nbd7 7. Nbd2 b6 8. c4
Bb7 9. Rc1 Rc8 10. c5 bxc5 11. bxc5 Bxc5 12. dxc5 c6 13. Qb3 Rb8 14. Qc3 Re8 15.
Nd4 e5 16. Ne2 d4 17. exd4 exd4 18. Qxd4 Ba6 19. Nc4 Re4 20. Qd6 Bxc4 21. Qxc6
Rxb2 22. f3 Rexe2+ 23. Bxe2 Rxe2+ 24. Kd1 Ne5+ 0-1

[Event "AUTO-ADV-4874"]
[Site "http://www.queenalice.com/game.php?id=1859584"]
[Date "2025.7.8"]
[Round "1"]
[White "ALDROB"]
[Black "maurice916"]
[Result "0-1"]
[WhiteElo "1822"]
[BlackElo "1906"]

1. d4 d5 2. c4 dxc4 3. Nf3 Nf6 4. Nc3 e6 5. Bg5 Be7 6. e3 Nbd7 7. Bxc4 Nb6 8.
Bb3 c5 9. O-O O-O 10. Rc1 cxd4 11. Nxd4 Nbd5 12. Nce2 Bd7 13. Qd3 a6 14. Bc2 Nb4
15. Qd2 Nxc2 16. Rxc2 Ne4 17. Bxe7 Nxd2 18. Bxd8 Nxf1 19. Bb6 Nxe3 20. fxe3 Rac8
21. Rxc8 Rxc8 22. Nc3 e5 23. Nf3 f6 24. Ne4 Bf5 25. Nd6 Rc1+ 26. Kf2 Rc2+ 27.
Kg3 Rxb2 28. Nxf5 Rxb6 29. Ne7+ Kf7 30. Nd5 Rb2 31. a4 Ke6 32. e4 f5 33. Nc3
fxe4 34. Nxe4 Kf5 35. Neg5 h6 36. Nf7 e4 37. Nh4+ Ke6 38. Nh8 Rb4 39. N8g6 Rxa4
40. Nf8+ Ke7 41. Nhg6+ Kf7 42. Kf2 Ra3 43. h4 h5 44. g3 a5 0-1

[Event "AUTO-ADV-4874"]
[Site "http://www.queenalice.com/game.php?id=1859591"]
[Date "2025.7.8"]
[Round "1"]
[White "ALDROB"]
[Black "renet54"]
[Result "1-0"]
[WhiteElo "1834"]
[BlackElo "1640"]

1. d4 d5 2. c4 dxc4 3. Nf3 Nf6 4. Nc3 e6 5. Bg5 Bb4 6. Qa4+ Nc6 7. Rd1 O-O 8. e4
Bd7 9. Bxc4 Bxc3+ 10. bxc3 Ne5 11. dxe5 Bxa4 12. Rxd8 Raxd8 13. Be2 Rd7 14. exf6
Rfd8 15. O-O a6 16. fxg7 Kxg7 17. Bxd8 Rxd8 18. Rb1 Bc6 19. e5 Bxf3 20. gxf3 Rd2
21. Kf1 Rxa2 22. Rxb7 Ra1+ 23. Kg2 Ra2 24. Bd3 a5 25. Rxc7 a4 26. Ra7 Rd2 27.
Bc4 Rc2 28. Rxa4 Rxc3 29. f4 h5 30. Be2 h4 31. f3 Rc2 32. Kf1 Rc1+ 33. Kf2 h3
34. Kg3 Re1 35. Bb5 Rg1+ 36. Kxh3 Kg6 37. Be8 Rf1 38. Kg3 Kf5 39. Bxf7 Rg1+ 40.
Kf2 Rh1 41. Ra6 Rxh2+ 42. Kg3 Rh7 43. Bxe6+ Kg6 44. f5+ Kg5 45. f4+ Kh5 46. f6
Rh8 47. Bg4+ Kg6 48. f5+ Kg5 49. f7 1-0

[Event "AUTO-ADV-4874"]
[Site "http://www.queenalice.com/game.php?id=1859592"]
[Date "2025.7.8"]
[Round "1"]
[White "renet54"]
[Black "ALDROB"]
[Result "1-0"]
[WhiteElo "1675"]
[BlackElo "1845"]

1. e4 e5 2. Nf3 Nc6 3. d4 exd4 4. Bc4 Bc5 5. O-O Nf6 6. c3 Nxe4 7. Re1 d5 8. Bb5
Bd7 9. Bxc6 Bxc6 10. cxd4 Bb6 11. Nc3 Kd7 12. Nxe4 dxe4 13. d5 Bb5 14. Rxe4 Kc8
15. Bf4 Qf6 16. Qc2 Qg6 17. Ne5 Qf6 18. Rc1 g5 19. Be3 Re8 20. Bxb6 Qxb6 21. h3
f5 22. Nc4 Qg6 23. Rxe8+ Bxe8 24. Ne5 Qb6 25. Qxf5+ 1-0

[Event "AUTO-OPEN-4602"]
[Site "http://www.queenalice.com/game.php?id=1859635"]
[Date "2025.7.8"]
[Round "1"]
[White "alvm"]
[Black "ALDROB"]
[Result "1-0"]
[WhiteElo "2212"]
[BlackElo "1815"]

1. d4 Nf6 2. c4 g6 3. Nc3 Bg7 4. e4 d6 5. Bd3 O-O 6. Nge2 Nc6 7. O-O Re8 8. f3
e5 9. Be3 Nh5 10. d5 Nb4 11. a3 Nxd3 12. Qxd3 f5 13. b4 f4 14. Bf2 Qg5 15. Kh1
Bd7 16. c5 Qh6 17. Rac1 g5 18. Nb5 Bxb5 19. Qxb5 Rab8 20. cxd6 cxd6 21. Rc7 b6
22. Rxa7 Nf6 23. Rc1 g4 24. Rcc7 g3 25. Rxg7+ Kh8 26. Bg1 Rg8 27. Rxg8+ Rxg8 28.
Qxb6 Qg5 29. Qxd6 gxh2 30. g4 hxg1=Q+ 31. Kxg1 Nxg4 32. Qe7 Nf6+ 33. Kf1 Qg2+
34. Ke1 Qg6 35. Qxe5 Re8 36. Qxf4 Nxe4 37. fxe4 1-0

[Event "AUTO-OPEN-4602"]
[Site "http://www.queenalice.com/game.php?id=1859636"]
[Date "2025.7.8"]
[Round "1"]
[White "ALDROB"]
[Black "alvm"]
[Result "0-1"]
[WhiteElo "1822"]
[BlackElo "2146"]

1. d4 Nf6 2. c4 e6 3. Nc3 d5 4. Bg5 Be7 5. Nf3 O-O 6. Qc2 b6 7. e3 Bb7 8. Bd3
Nbd7 9. O-O-O dxc4 10. Bxc4 h6 11. Bh4 Qc8 12. Ne1 c5 13. dxc5 Qxc5 14. Bb3 Rac8
15. Nd3 Qh5 16. Bg3 Ne4 17. Kb1 Bf6 18. Nf4 Qf5 19. Rxd7 Nxc3+ 20. bxc3 Be4 21.
Nd3 Rxc3 0-1

[Event "AUTO-OPEN-4588"]
[Site "http://www.queenalice.com/game.php?id=1861101"]
[Date "2025.8.4"]
[Round "2"]
[White "ALDROB"]
[Black "silverado"]
[Result "0-1"]
[WhiteElo "1803"]
[BlackElo "1944"]

1. d4 d5 2. c4 dxc4 3. Nf3 b5 4. a4 c6 5. axb5 cxb5 6. Nc3 b4 7. Qa4+ Nd7 8.
Qxb4 Nb6 9. e4 Bb7 10. Bxc4 Nxc4 11. Qxc4 Rc8 12. Qd3 a6 13. O-O f6 14. Bd2 e6
15. Rfe1 Ne7 16. Na4 g6 17. Bc3 Bg7 18. Rad1 O-O 19. Nc5 Rxc5 20. dxc5 Nc6 21.
Qc4 Qc8 22. Rd6 Re8 23. Red1 a5 24. Rd7 Ba6 25. Qa4 e5 26. R1d6 Bb7 27. Bxa5
Nxa5 28. Qxa5 Bf8 29. Rd8 Rxd8 30. Rxd8 Qc6 31. Rd5 g5 32. Qd8 Qa6 33. h4 Bxd5
34. exd5 Qa1+ 35. Kh2 e4 36. Ng1 Qxb2 37. Qxf6 Qxf6 0-1

[Event "AUTO-OPEN-4588"]
[Site "http://www.queenalice.com/game.php?id=1861102"]
[Date "2025.8.4"]
[Round "2"]
[White "silverado"]
[Black "ALDROB"]
[Result "1-0"]
[WhiteElo "1963"]
[BlackElo "1813"]

1. e4 e5 2. Nf3 Nc6 3. c3 Nf6 4. Bd3 Bc5 5. O-O O-O 6. b4 Bb6 7. Qb3 d6 8. h3
Be6 9. Bc4 Bxc4 10. Qxc4 a5 11. b5 Ne7 12. a4 Rc8 13. d3 c6 14. Ba3 cxb5 15.
Qxb5 Qc7 16. c4 Ng6 17. g3 Nd7 18. Nbd2 Nc5 19. Bxc5 Bxc5 20. Nb3 f5 21. exf5
Rxf5 22. Kg2 Qf7 23. Nbd2 Rf8 24. Qxa5 Ne7 25. Rae1 Nc6 26. Qb5 Nd4 27. Nxd4
Bxd4 28. Ne4 Bxf2 29. Nxd6 Bxe1 30. Nxf5 Bxg3 31. Nh6+ 1-0